| 000 | 01462cam a2200289 a 4500 | ||
|---|---|---|---|
| 001 | 13246216 | ||
| 003 | ARRUPE | ||
| 005 | 20140131135933.0 | ||
| 008 | 030620s2003 mnu b 000 0 eng d | ||
| 010 | _a 2003545091 | ||
| 020 | _a0800635809 (alk. paper) | ||
| 035 | _a(OCoLC)ocm52466494 | ||
| 040 |
_aEBS _cEBS _dDLC |
||
| 042 | _alccopycat | ||
| 050 | 0 | 0 |
_aBR115.H6 _bF35 2003 |
| 082 | 0 | 0 |
_a261.8/35766 _222 |
| 245 | 0 | 0 |
_aFaithful conversation : _bChristian perspectives on homosexuality / _cedited by James M. Childs, Jr. |
| 260 |
_aMinneapolis, MN : _bFortress , _cc2003. |
||
| 300 |
_aviii, 132 p. ; _c23 cm. |
||
| 504 | _aIncludes bibliographical references. | ||
| 505 | 0 | _aIntroduction / J.M. Childs, Jr. -- The Bible and homosexuality / Mark Allan Powell -- The Lutheran reformation and homosexual practice / James Arne Nestingen -- Rethinking Christian sexuality : baptized into the body of Christ / Martha Ellen Stortz -- We hear in our own language : culture, theology, and ethics / Richard J. Perry Jr. and José David RodrÃguez -- Talking about sexual orientation : experience, science and the mission of the church / Daniel L. Olson -- Authors' forum. | |
| 650 | 0 |
_aHomosexuality _xReligious aspects _xChristianity. _97579 |
|
| 700 | 1 |
_aChilds, James M., _d1939- _97580 |
|
| 906 |
_a7 _bcbc _ccopycat _d2 _encip _f20 _gy-gencatlg |
||
| 942 |
_2lcc _cMONOGRAPH |
||
| 999 |
_c119843 _d119843 |
||